| 000 | 00809cam a2200217 a 4500 | ||
|---|---|---|---|
| 001 | 000002789 | ||
| 005 | 20200929150245.0 | ||
| 008 | 990517s1997 sp a b 000 0 spa d | ||
| 020 | _a8478203419 | ||
| 040 |
_aDO-SdBNP _bspa _cBNPHU |
||
| 082 |
_a759.6 _bF819g |
||
| 245 | 0 | 0 |
_aFrancisco de Goya y Lucientes : _bsu obra y su tiempo / _ccoordinadora, María del Carmen Lacarra. |
| 260 |
_aZaragoza, España : _bInstitución Fernando el Católico, _c1997. |
||
| 300 |
_a199 p. : _bil. ; _c24 cm. |
||
| 504 | _aIncluye referencias bibliográficas y notas al pie de las páginas | ||
| 650 | 4 |
_aPintura española _98801 |
|
| 650 | 4 |
_aPintura española _xConferencias _98802 |
|
| 700 | 1 |
_aLacarra Ducay, María del Carmen. _98803 |
|
| 700 | 1 |
_aGoya y Lucientes, Francisco de, _d1746-1828. _98804 |
|
| 910 | _aEn proceso | ||
| 999 |
_c2623 _d2623 |
||